[Event "3rd open DIMITROVGRAD"]
[Site "Dimitrovgrad"]
[Date "2011.09.06"]
[Round "6.5"]
[White "Banov, Boil"]
[Black "Karapchanski, Dimitar"]
[Result "0-1"]
[WhiteElo "2127"]
[BlackElo "2255"]
[PlyCount "62"]
[EventDate "2011.09.??"]
[EventType "swiss"]
[EventRounds "7"]
[EventCountry "BUL"]
[SourceDate "2008.07.28"]

1. c4 Nf6 2. g3 d5 3. Bg2 c6 4. Qc2 g6 5. d3 Bg7 6. e4 dxe4 7. dxe4 O-O 8. Ne2
e5 9. O-O Nbd7 10. h3 Nc5 11. Be3 Ne6 12. Rd1 Qe7 13. Nbc3 Bd7 14. Rd2 Rfd8 15.
Rad1 b6 16. f4 Be8 17. f5 Nc5 18. b4 Nb7 19. a3 Rxd2 20. Rxd2 Rd8 21. g4 h6 22.
Nc1 g5 23. Nb3 Bf8 24. c5 b5 25. Bf1 a6 26. Qd1 Rxd2 27. Qxd2 Nh7 28. a4 Qd7
29. Qxd7 Bxd7 30. axb5 axb5 31. Bd3 Be7 {...} 0-1

[Event "3rd open DIMITROVGRAD"]
[Site "Dimitrovgrad"]
[Date "2011.09.06"]
[Round "6.6"]
[White "Petkov, Hristo"]
[Black "Petrov, Simeon"]
[Result "1/2-1/2"]
[WhiteElo "2077"]
[BlackElo "2047"]
[PlyCount "65"]
[EventDate "2011.09.??"]
[EventType "swiss"]
[EventRounds "7"]
[EventCountry "BUL"]
[SourceDate "2008.07.28"]

1. e4 c5 2. Nf3 d6 3. Nc3 Nf6 4. e5 dxe5 5. Nxe5 e6 6. Bb5+ Nbd7 7. Nxd7 Bxd7
8. Bxd7+ Qxd7 9. d3 Be7 10. O-O O-O 11. Qf3 Rad8 12. Bg5 b6 13. Rad1 h6 14. Be3
Qc8 15. b3 Rd7 16. a4 Nd5 17. Nxd5 Rxd5 18. Qe2 Bf6 19. Rfe1 Qc7 20. g3 Rfd8
21. f4 Qd7 22. Bf2 e5 23. fxe5 Rxe5 24. Qf3 Rf5 25. Qe4 Bc3 26. Re2 Re5 27. Qf3
Rxe2 28. Qxe2 Re8 29. Qf3 Qe6 30. d4 cxd4 31. Bxd4 Bxd4+ 32. Rxd4 Qh3 33. Rd1
1/2-1/2

[Event "3rd open DIMITROVGRAD"]
[Site "Dimitrovgrad"]
[Date "2011.09.06"]
[Round "6.8"]
[White "Kolev, Atanas T."]
[Black "Dimitrov, Dimitar Hr."]
[Result "1-0"]
[WhiteElo "2064"]
[BlackElo "1963"]
[PlyCount "39"]
[EventDate "2011.09.??"]
[EventType "swiss"]
[EventRounds "7"]
[EventCountry "BUL"]
[SourceDate "2008.07.28"]

1. d4 d5 2. Nf3 Nf6 3. c4 c6 4. Nc3 e6 5. Bg5 dxc4 6. e4 b5 7. e5 h6 8. Bh4 g5
9. Nxg5 hxg5 10. Bxg5 Nbd7 11. exf6 Bb7 12. g3 Qb6 13. Bg2 O-O-O 14. O-O Bh6
15. h4 Bxg5 16. hxg5 Ne5 17. dxe5 Rxd1 18. Rfxd1 c5 19. Rd6 Bxg2 20. Rxb6 1-0

[Event "3rd open DIMITROVGRAD"]
[Site "Dimitrovgrad"]
[Date "2011.09.06"]
[Round "7.3"]
[White "Bratanov, Zsivko"]
[Black "Kolev, Atanas T."]
[Result "1-0"]
[WhiteElo "2450"]
[BlackElo "2064"]
[PlyCount "83"]
[EventDate "2011.09.??"]
[EventType "swiss"]
[EventRounds "7"]
[EventCountry "BUL"]
[SourceDate "2008.07.28"]

1. d4 d5 2. c4 e6 3. Nf3 c5 4. e3 Nf6 5. a3 cxd4 6. exd4 Nc6 7. Nc3 a6 8. Bg5
Be7 9. c5 O-O 10. Bd3 h6 11. Bf4 b6 12. b4 Bb7 13. O-O Nd7 14. Bg3 Re8 15. Re1
Bf6 16. Bc2 g6 17. Qd2 Bg7 18. Rab1 b5 19. a4 Na7 20. axb5 Nxb5 21. Nxb5 axb5
22. Bd3 Bc6 23. Qe2 Nf6 24. Ne5 Bb7 25. Bxb5 Ne4 26. Bxe8 Qxe8 27. Qd3 Qa4 28.
f3 Nxg3 29. hxg3 Qa2 30. Ra1 Qxa1 31. Rxa1 Rxa1+ 32. Kh2 Bxe5 33. dxe5 Kg7 34.
b5 Rc1 35. Qa3 Rc4 36. Qa7 d4 37. Qxb7 Rxc5 38. b6 d3 39. Qe7 Rxe5 40. Qb4 Rd5
41. Qd2 Kh7 42. g4 1-0

[Event "3rd open DIMITROVGRAD"]
[Site "Dimitrovgrad"]
[Date "2011.09.06"]
[Round "7.4"]
[White "Karapchanski, Dimitar"]
[Black "Ljangov, Petar"]
[Result "1-0"]
[WhiteElo "2255"]
[BlackElo "2113"]
[PlyCount "91"]
[EventDate "2011.09.??"]
[EventType "swiss"]
[EventRounds "7"]
[EventCountry "BUL"]
[SourceDate "2008.07.28"]

1. c4 c5 2. Nc3 Nc6 3. Nf3 Nf6 4. d4 cxd4 5. Nxd4 g6 6. e4 d6 7. Be2 Bg7 8. Be3
O-O 9. Qd2 Bd7 10. O-O Nxd4 11. Bxd4 Bc6 12. f3 Nd7 13. Bxg7 Kxg7 14. Rfd1 a5
15. Qd4+ Kg8 16. b3 Qb6 17. Qxb6 Nxb6 18. Rac1 f5 19. exf5 Rxf5 20. Bd3 Rff8
21. Re1 Rfe8 22. Re3 Nd7 23. Rce1 Kf7 24. f4 e5 25. f5 g5 26. Be4 Nf6 27. Rd1
Rad8 28. Bd5+ Bxd5 29. Nxd5 Nxd5 30. Rxd5 b6 31. g4 h5 32. h3 hxg4 33. hxg4 Rh8
34. Kg2 Rh4 35. Kf3 Rh3+ 36. Ke4 Rh4 37. Rg3 Rh2 38. a4 Re2+ 39. Kd3 Rb2 40.
Rb5 Rb8 41. Rh3 Rg2 42. Rh7+ Kg8 43. Rd7 Rxg4 44. Rxd6 e4+ 45. Ke3 Re8 46.
Rdxb6 1-0

[Event "3rd open DIMITROVGRAD"]
[Site "Dimitrovgrad"]
[Date "2011.09.06"]
[Round "7.5"]
[White "Dimitrov, Pavel"]
[Black "Petkov, Hristo"]
[Result "1-0"]
[WhiteElo "2353"]
[BlackElo "2077"]
[PlyCount "63"]
[EventDate "2011.09.??"]
[EventType "swiss"]
[EventRounds "7"]
[EventCountry "BUL"]
[SourceDate "2008.07.28"]

1. e4 c5 2. d4 cxd4 3. c3 Nf6 4. e5 Nd5 5. cxd4 d6 6. Nf3 e6 7. Nc3 Nxc3 8.
bxc3 Be7 9. Bd3 O-O 10. h4 dxe5 11. Nxe5 f5 12. h5 Nd7 {Diagram #} 13. Ng6 Rf7
14. Nxe7+ Qxe7 15. h6 g6 16. O-O Nf6 17. Bf4 b6 18. Re1 Bb7 19. Qe2 Nd5 20. Qe5
Nxf4 21. Qxf4 Rd8 22. Re5 Bc8 23. Bc4 Qc7 24. d5 Re7 25. Rd1 b5 26. Bb3 a5 27.
Qd4 a4 28. d6 Rxd6 29. Qxd6 axb3 30. Qd8+ Qxd8 31. Rxd8+ Kf7 32. Rxc8 1-0

[Event "3rd open DIMITROVGRAD"]
[Site "Dimitrovgrad"]
[Date "2011.09.06"]
[Round "7.6"]
[White "Janachkov, Angel"]
[Black "Nikolov, Krasen"]
[Result "1-0"]
[WhiteElo "2210"]
[BlackElo "2030"]
[PlyCount "83"]
[EventDate "2011.09.??"]
[EventType "swiss"]
[EventRounds "7"]
[EventCountry "BUL"]
[SourceDate "2008.07.28"]

1. Nf3 Nf6 2. g3 g6 3. Bg2 Bg7 4. O-O O-O 5. c4 d6 6. Nc3 e5 7. d3 Nc6 8. Rb1
h6 9. b4 Nd7 10. b5 Ne7 11. Nd2 f5 12. Qc2 Nf6 13. a4 Rb8 14. a5 Be6 15. Ba3 g5
16. Qb3 f4 17. Nde4 Nf5 18. Nxf6+ Bxf6 19. Ne4 Qd7 20. Qd1 Bg7 21. c5 Rfd8 22.
cxd6 cxd6 23. Qd2 b6 24. Bb4 d5 25. Nc3 Rbc8 26. axb6 axb6 27. Ba3 Bf8 28. Bxf8
Rxf8 29. Na4 Rb8 30. Rfc1 fxg3 31. hxg3 Nd4 32. Qe3 Qd6 33. Nc3 Nf5 34. Qd2 Nd4
35. Qd1 Rbc8 36. e3 Nf5 37. Ne2 d4 38. exd4 exd4 39. Rc6 Rxc6 40. bxc6 Rb8 41.
Qc2 Ne7 42. Qa4 1-0

[Event "3rd open DIMITROVGRAD"]
[Site "Dimitrovgrad"]
[Date "2011.09.06"]
[Round "7.9"]
[White "Kristinsson, Bjarni Jens"]
[Black "Banov, Boil"]
[Result "1/2-1/2"]
[WhiteElo "2033"]
[BlackElo "2127"]
[PlyCount "56"]
[EventDate "2011.09.??"]
[EventType "swiss"]
[EventRounds "7"]
[EventCountry "BUL"]
[SourceDate "2008.07.28"]

1. e4 c6 2. d4 d5 3. exd5 cxd5 4. c4 Nf6 5. Nc3 Nc6 6. Be3 Be6 7. cxd5 Bxd5 8.
Nf3 e6 9. Bb5 Be7 10. O-O O-O 11. Rc1 a6 12. Nxd5 axb5 13. Nxe7+ Nxe7 14. Qb3
Nfd5 15. Rc5 b4 16. Bd2 Nc6 17. Rfc1 Ra6 18. h3 Qa8 19. Ra1 Qa7 20. Qc4 h6 21.
Ne5 Nxe5 22. dxe5 Ra4 23. Rb5 Qa6 24. b3 Rxa2 25. Rxa2 Qxa2 26. Bxb4 Nxb4 27.
Qxb4 Rd8 28. Rxb7 Rd1+ {...} 1/2-1/2

[Event "3rd open DIMITROVGRAD"]
[Site "Dimitrovgrad"]
[Date "2011.09.06"]
[Round "7.19"]
[White "Milanova, Maria"]
[Black "Stankovski, Marin"]
[Result "0-1"]
[WhiteElo "1852"]
[BlackElo "1686"]
[PlyCount "44"]
[EventDate "2011.09.??"]
[EventType "swiss"]
[EventRounds "7"]
[EventCountry "BUL"]
[SourceDate "2008.07.28"]

1. e4 c6 2. d4 d5 3. exd5 cxd5 4. Bd3 Na6 5. c3 Nc7 6. Bf4 Nf6 7. Nf3 Bg4 8.
Nbd2 e6 9. Qb3 Bd6 10. Ne5 O-O 11. O-O Rb8 12. Qc2 Bh5 13. Rfe1 Bg6 14. Nxg6
hxg6 15. Bg5 Qd7 16. h4 Nh7 17. Re3 Nxg5 18. hxg5 Bf4 19. Rh3 Bxg5 20. Nf3 Bh6
21. Ne5 Qe7 22. Rf1 Ne8 {...} 0-1